000
00219nam a2200085Ia 4500
245
0
_a
The poison master
100
_a
WILLIAMS, Liz London, 2003
_9
79424
942
_c
BK
008
210819s9999 xx 000 0 und d
999
_c
276930
_d
276929